000 01424nam a2200349zi 4500
001 991061595585206706
003 ES-BaIT
005 20260119093734.0
008 260119e202511 spc |||| d cat|c
017 _aDL T 483- 2025
_bOficina DL Tarragona
020 _a9788413565262
040 _aES-BaIT
_bcat
_erda
_cES-BaIT
080 _a849.9-2"19"
100 1 _aCabré, Toni,
_d1957-
_eautor
_910751
245 1 0 _aTemps estèrils :
_btres peces teatrals /
_cToni Cabré ; pròleg de Joan Cavallé
250 _aPrimera edició
264 1 _aValls :
_b9 Grup Editorial Cossetània Edicions :
_bQuaderns de la Font del Cargol,
_cnovembre 2025.
300 _a184 pàgines ;
_c23 cm
336 _atext
_btxt
_2rdacontent
337 _asense mediació
_bn
_2rdamedia
338 _avolum
_bnc
_2rdacarrier
490 1 _aQuaderns de la Font del Cargol (Cossetània) ;
_v32
505 8 _aConté: Vespres d'insomni ; Gaire res ; Soc aquí per ajudar-te
700 1 2 _iContenidor de (obra):
_aCabré, Toni,
_d1957-
_tVespres d'insomni
_9168060
700 1 2 _iContenidor de (obra):
_aCabré, Toni,
_d1957-
_tGaire re
_9168061
700 1 2 _iContenidor de (obra):
_aCabré, Toni,
_d1957-
_tSoc aquí per ajudar-te
_9168062
700 _aCavallé, Joan,
_d1958-
_eescriptor d'un pròleg
_9102419
830 _aQuaderns de la Font del Cargol (Cossetània Edicions)
_v32
_9157145
908 _aCDMAE
940 _aCDMAE
942 _2udc
_c1
999 _c136887
_d136887